000 00630nam a2200241Ia 4500
003 OSt
005 20220918172904.0
006 a|||||r|||| 00| 0
007 ta
008 220917b |||||||| |||| 00| 0 eng d
024 _a3,853
037 _cTextual
040 _aARTS
_cARTS
_beng
041 _2eng
_aeng
082 _a14:473:M00, J3.1-.3 (2D)
110 _aLabrary of Congress
_943895
245 0 _aAuthorb catalogue ect 1853 v3
260 _c1953
650 _aBIBLIOGRAPHY
700 _aLabrary of Congress
_943896
942 _h14:473:M00, J3.1-.3 (2D)
_cTEXL
_2CC
999 _c146178
_d146178